00263nam a22000977a 450000500170000000800410001702000090005804000080006724500480007526000420012320200916094504.0200916b ||||| |||| 00| 0 eng d a3890 cCML aChristianity and The Atom.cTrevaskis, H.K. aLondon bP.R. Macmillan Limitedc1959